Time-Saver standards for building types (Record no. 4879)

MARC details
000 -LEADER
fixed length control field 00657nam a2200217Ia 4500
003 - CONTROL NUMBER IDENTIFIER
control field IN-BaIIA
008 - FIXED-LENGTH DATA ELEMENTS--GENERAL INFORMATION
fixed length control field 211028s9999 xx 000 0 eng d
020 ## - INTERNATIONAL STANDARD BOOK NUMBER
International Standard Book Number 0-07-016218-2
040 ## - CATALOGING SOURCE
Transcribing agency IIA Library
080 ## - UNIVERSAL DECIMAL CLASSIFICATION NUMBER
Universal Decimal Classification number 624.2
Item number TIM
245 #0 - TITLE STATEMENT
Title Time-Saver standards for building types
Statement of responsibility, etc. edited by Joseph De Chiara and J. H. Callender
260 ## - PUBLICATION, DISTRIBUTION, ETC.
Place of publication, distribution, etc. New York
Name of publisher, distributor, etc. McGraw-Hill
Date of publication, distribution, etc. 1973
300 ## - PHYSICAL DESCRIPTION
Extent xiii, 1065p.
650 ## - SUBJECT ADDED ENTRY--TOPICAL TERM
Topical term or geographic name entry element  Architecture
9 (RLIN) 8725
650 ## - SUBJECT ADDED ENTRY--TOPICAL TERM
Topical term or geographic name entry element  Building materials 
9 (RLIN) 8726
650 ## - SUBJECT ADDED ENTRY--TOPICAL TERM
Topical term or geographic name entry element  Civil engineering 
9 (RLIN) 8727
650 ## - SUBJECT ADDED ENTRY--TOPICAL TERM
Topical term or geographic name entry element NASA thesaurus 
700 ## - ADDED ENTRY--PERSONAL NAME
Personal name Callender, J. H., ed.
9 (RLIN) 8728
700 ## - ADDED ENTRY--PERSONAL NAME
Personal name De Chiara, Joseph., ed.
9 (RLIN) 8729
942 ## - ADDED ENTRY ELEMENTS (KOHA)
Koha item type Books
Holdings
Withdrawn status Lost status Damaged status Not for loan Home library Current library Shelving location Date acquired Cost, normal purchase price Total Checkouts Full call number Barcode Date last seen Cost, replacement price Price effective from Koha item type Purchase Price
        IIA Library-Bangalore IIA Library-Bangalore General Stacks 08/07/1976 315.25   624.2/ TIM 5461 05/11/2021 315.25 08/07/1976 Books Rs. 315.25

Powered by Koha